Normal view
MARC view
- رسائل النور - الاسلام - مقالات
Entry Topical Term
001 - CONTROL NUMBER
- control field: 50528
003 - CONTROL NUMBER IDENTIFIER
- control field: JO-AjAnu
005 - DATE AND TIME OF LATEST TRANSACTION
- control field: 20230606082322.0
008 - FIXED-LENGTH DATA ELEMENTS
- fixed length control field: 230606|| aca||aabn | a|a d
040 ## - CATALOGING SOURCE
- Original cataloging agency: JO-AjAnu
- Transcribing agency: JO-AjAnu
150 ## - HEADING--TOPICAL TERM
- Topical term or geographic name entry element: رسائل النور - الاسلام - مقالات
670 ## - SOURCE DATA FOUND
- Source citation: Work cat.: (JO-AjAnu)25831: جرار، مأمون فريز, author 50527, في ظلال رسائل النور